000
00342 a2200133 4500
000
nam a22 7a 4500
100
_a
Hess, Richard
110
_a
Hess, Richard
245
_a
Textbook of Forensic Chemistry
250
_a
Latest edition
260
_b
brilliance publishing
_c
2023
264
_b
brilliance publishing
_c
2023
942
_c
BK
999
_c
394400
_d
394400